000 00433nam a2200181Ia 4500
001 4093
003 IN-NITTTR
005 20251114232955.0
008 251113s9999||||xx |||||||||||||| ||eng||
040 _beng
040 _cIN-NITTTR
041 _aeng
082 _a621.3192 K56M
100 _aKim, Wan H.
245 0 _aModern network analysis /
_cKim, Wan H., Meadows, Henry E.
700 _a Meadows, Henry E.
942 _2ddc
_cBK
999 _c6615
_d6615